Dermatología / (Record no. 60995)

MARC details
000 -LEADER
campo de control de longitud fija 00867cac a2200253 a 4500
003 - IDENTIFICADOR DE NÚMERO DE CONTROL
campo de control CO-PeBPM
005 - FECHA Y HORA DE LA ÚLTIMA TRANSACCIÓN
campo de control 20250708111957.0
007 - CAMPO FIJO DE DESCRIPCIÓN FÍSICA--INFORMACIÓN GENERAL
campo de control de longitud fija ta
008 - DATOS DE LONGITUD FIJA--INFORMACIÓN GENERAL
campo de control de longitud fija 240613s[260c]|ck ax ||||||||||||||spaund||
020 ## - NÚMERO INTERNACIONAL ESTÁNDAR DEL LIBRO
Número Internacional Estándar del Libro 9589400566
040 ## - FUENTE DE CATALOGACIÓN
Centro catalogador/agencia de origen CO-PeBPM
Lengua de catalogación spa
Centro/agencia transcriptor CO-PeBPM
Normas de descripción rda
041 ## - CÓDIGO DE IDIOMA
Código de lengua del texto/banda sonora o título independiente spa
082 04 - NÚMERO DE LA CLASIFICACIÓN DECIMAL DEWEY
Número de clasificación 616.5 F177de
Número de edición 22
100 ## - ENTRADA PRINCIPAL--NOMBRE DE PERSONA
Nombre de persona Falabella Falabella, Rafael
245 #0 - MENCIÓN DEL TÍTULO
Título Dermatología /
245 #0 - MENCIÓN DEL TÍTULO
Mención de responsabilidad, etc. Rafael Falabella Falabella... {et al.}
250 ## - MENCION DE EDICION
Mención de edición 6 ed
260 ## - PUBLICACIÓN, DISTRIBUCIÓN, ETC.
Lugar de publicación, distribución, etc. Medellín,Colombia:
260 ## - PUBLICACIÓN, DISTRIBUCIÓN, ETC.
Nombre del editor, distribuidor, etc. Corporación para Investigaciones Biológicas
500 ## - NOTA GENERAL
Nota general Incluye índice y atlas en color al final de la obra
-- Lecturas recomendadas al final de cada capítulo
650 ## - PUNTO DE ACCESO ADICIONAL DE MATERIA--TÉRMINO DE MATERIA
Término de materia o nombre geográfico como elemento de entrada Dermatología
-- Piel
Subdivisión geográfica -Enfermedades
700 ## - ENTRADA AGREGADA--NOMBRE PERSONAL
Nombre de persona Barona Cabal, María Isabel, Coaut.
-- Domínguez Soto, Luciano, Coaut.
-- Victoria chaparro, Jairo, Coaut
942 ## - ELEMENTOS DE ENTRADA SECUNDARIOS (KOHA)
Fuente del sistema de clasificación o colocación Clasificación Decimal Dewey
Tipo de ítem Koha Libros
Suprimir en OPAC No

No items available.

Powered by Koha